| 000 -LEADER |
| fixed length control field |
01504cam a2200325 a 4500 |
| 003 - CONTROL NUMBER IDENTIFIER |
| control field |
OSt |
| 005 - DATE AND TIME OF LATEST TRANSACTION |
| control field |
20220407110717.0 |
| 008 - FIXED-LENGTH DATA ELEMENTS--GENERAL INFORMATION |
| fixed length control field |
070622s2008 dcua b 001 0 eng |
| 010 ## - LIBRARY OF CONGRESS CONTROL NUMBER |
| LC control number |
2007026192 |
| 020 ## - INTERNATIONAL STANDARD BOOK NUMBER |
| International Standard Book Number |
9781597261432 (pbk. : alk. paper) |
| 020 ## - INTERNATIONAL STANDARD BOOK NUMBER |
| International Standard Book Number |
1597261432 (pbk. : alk. paper) |
| 035 ## - SYSTEM CONTROL NUMBER |
| System control number |
(OCoLC)ocn145431837 |
| 035 ## - SYSTEM CONTROL NUMBER |
| System control number |
(OCoLC)145431837 |
| 082 00 - DEWEY DECIMAL CLASSIFICATION NUMBER |
| Classification number |
712.01 |
| Edition number |
22 |
| 100 1# - MAIN ENTRY--PERSONAL NAME |
| Personal name |
Thompson, J. William. |
| 245 10 - TITLE STATEMENT |
| Title |
Sustainable landscape construction : |
| Remainder of title |
a guide to green building outdoors / |
| Statement of responsibility, etc |
William Thompson and Kim Sorvig ; with drawings by Craig D. Farnsworth. |
| 250 ## - EDITION STATEMENT |
| Edition statement |
2nd ed. |
| 260 ## - PUBLICATION, DISTRIBUTION, ETC. (IMPRINT) |
| Place of publication, distribution, etc |
Washington : |
| Name of publisher, distributor, etc |
Island Press, |
| Date of publication, distribution, etc |
c2008. |
| 300 ## - PHYSICAL DESCRIPTION |
| Extent |
xxvii, 381 p. : |
| Other physical details |
ill. ; |
| Dimensions |
28 cm. |
| 504 ## - BIBLIOGRAPHY, ETC. NOTE |
| Bibliography, etc |
Includes bibliographical references (p. 349-369) and index. |
| 505 0# - FORMATTED CONTENTS NOTE |
| Formatted contents note |
"Sustainability" in context -- Keep healthy sites healthy -- Heal injured sites -- Favor living, flexible materials -- Respect the waters of life -- Pave less -- Consider origin and fate of materials -- Know the costs of energy over time -- Celebrate light, respect darkness -- Quietly defend silence -- Maintain to sustain -- Conclusions and beginnings. |
| 650 #0 - SUBJECT ADDED ENTRY--TOPICAL TERM |
| Topical term or geographic name as entry element |
Landscape construction. |
| 650 #0 - SUBJECT ADDED ENTRY--TOPICAL TERM |
| Topical term or geographic name as entry element |
Landscape protection. |
| 650 #0 - SUBJECT ADDED ENTRY--TOPICAL TERM |
| Topical term or geographic name as entry element |
Green products. |
| 650 #0 - SUBJECT ADDED ENTRY--TOPICAL TERM |
| Topical term or geographic name as entry element |
Ecological landscape design. |
| 700 1# - ADDED ENTRY--PERSONAL NAME |
| Personal name |
Sorvig, Kim. |
| 856 41 - ELECTRONIC LOCATION AND ACCESS |
| Materials specified |
Table of contents only |
| Uniform Resource Identifier |
<a href="http://www.loc.gov/catdir/toc/ecip0721/2007026192.html">http://www.loc.gov/catdir/toc/ecip0721/2007026192.html</a> |
| 906 ## - LOCAL DATA ELEMENT F, LDF (RLIN) |
| a |
7 |
| b |
cbc |
| c |
orignew |
| d |
1 |
| e |
ecip |
| f |
20 |
| g |
y-gencatlg |
| 942 ## - ADDED ENTRY ELEMENTS (KOHA) |
| Source of classification or shelving scheme |
|